| 000 | 00597nam a2200181Ia 4500 | ||
|---|---|---|---|
| 003 | GCL | ||
| 008 | 140319s9999 xx 000 0 ara d | ||
| 040 |
_aGCL / _cGCL |
||
| 082 | 0 | 4 |
_a658.576 _bع ج |
| 100 | 1 | _aعبدالرحمن توفيق | |
| 245 | 1 | 0 |
_aالجودة الشاملة : _bالدليل المتكامل للمفاهيم والادوات / _cعبدالرحمن توفيق |
| 300 |
_a438 ص ؛ _c24 سم |
||
| 490 |
_aاصدارات بميك _v45 |
||
| 650 | 0 | 4 | _aجودة الانتاج |
| 650 | 0 | 4 | _aضبط الجودة |
| 650 | 0 | 4 | _aمعايير الانتاج |
| 942 |
_2ddc _cBK |
||
| 999 |
_c5570 _d5570 |
||